000 01753nam a2200493 i 4500
001 26350
003 KOSZ 005
005 20200724145843.0
008 070625s1972 pl a f |000 0 pol
015 _aUWD 1973/1514
035 _a991034643749705066
035 _a(PL-WaBN)b19325447-48omnis_nlop
035 _ab19325447
035 _a(OCoLC)823687367
035 _a(PL)b0000001932544
035 _a(EXLNZ-48OMNIS_NETWORK)9910318985705606
040 _aWA N
_cWA N
_dWA N
_dKOSZ 005/HR
041 0 _apol
_hrus
044 _apl
_aru
080 _a637.3
080 _a577.18
100 1 _aLipińska, Ewa
_c(mleczarstwo)
_eAutor
245 1 0 _aZastosowanie nizyny w serowarstwie /
_cE. Lipińska, A. W. Gudkow, S. N. Karlikanowa ; [tł. tekstu ros. H. Jurkowska].
246 1 3 _aPrimenenie nizina v syrodelii
260 _aWarszawa :
_bWydawnictwa Naukowo-Techniczne ;
_aMoskva :
_b"Piŝevaâ Promyšlennosť"
_c1972.
300 _a111, [1] s. :
_bil. ;
_c23 cm.
336 _aTekst
_btxt
_2rdacontent
337 _aBez urządzenia pośredniczącego
_bn
_2rdamedia
338 _aWolumin
_bnc
_2rdacarrier
380 _aKsiążki
388 _a1901-2000
504 _aBibliogr.
650 7 _aSery
_2DBN
650 7 _aMleczarstwo
650 7 _aTechnologia żywności
658 _aRolnictwo i leśnictwo
700 1 _aGudkov, Andrej Vladimirovič
_eAutor
700 1 _aJurkowska, Hanna
_c(tłumacz)
_eTłumaczenie
700 1 _aKarlikanova, Sofiâ Natanovna
_eAutor
710 2 _aWydawnictwa Naukowo-Techniczne
_4pbl
856 _uhttp://koha.tu.koszalin.pl/cgi-bin/koha/opac-detail.pl?biblionumber=26350
_yKatalog online BPK
942 _2UKD
_cKS
999 _c26350
_d26350